MARC

LEADER 00000nam0a2200000 4500
001 14717
005 20231101204952.0
010 |a 5222009262 
035 |a (RuTPU)RU\TPU\book\14815 
035 |a BOOK00014883 
090 |a 14717 
100 |a 20011209d2000 m y0rusy50 ca 
101 0 |a rus 
102 |a RU 
105 |a y j 000zy 
200 1 |a Инфраструктура товарного рынка  |e учебное пособие  |f В. П. Федько, Н. Г. Федько 
210 |a Ростов-на-Дону  |c Феникс  |d 2000 
215 |a 511 с. 
225 1 |a Учебники, учебные пособия 
606 1 |a Торговля  |x Экономика  |2 stltpush  |3 (RuTPU)RU\TPU\subj\37078  |9 58228 
610 1 |a экономика 
610 1 |a торговля 
610 1 |a товары 
610 1 |a услуги 
610 1 |a товарный рынок 
610 1 |a инфраструктура 
610 1 |a оптовая торговля 
610 1 |a товарные биржи 
610 1 |a торговые дома 
610 1 |a ярмарки 
610 1 |a выставки 
610 1 |a аукционы 
610 1 |a учебные пособия 
686 |a У9(2)421я73  |v LBC/SL-A  |2 rubbk 
700 1 |a Федько  |b В. П.  |g Валерий Павлович 
701 1 |a Федько  |b Н. Г.  |g Надежда Георгиевна 
801 0 |a RU  |b 63413507  |c 20011209  |g PSBO 
801 2 |a RU  |b 63413507  |c 20220425  |g PSBO 
900 |a Выставочная работа 
942 |c BK